• 首页
  • 本馆介绍
  • 公告通知
  • 最新文献
  • 馆藏检索
  • 电子资源
  • 读者导购
  • 参考咨询
  • 我的图书馆
  • 登录
  • 详细信息显示
  • 放入我的书架
  • 预约/预借图书
  • 作者相关作品
  • 分类相关作品
  • 丛书相关作品
  • 出版社相关作品

书目信息

  • 表格格式
  • 工作单格式
  • 卡片格式
题名:
流行影视歌曲精华
    
 
作者: 李义华 编
分册:  
出版信息: 西安   陕西旅游出版社  1992.4
页数: 160页
开本: 20cm
丛书名:
单 册:
中图分类: J642.43
科图分类:
主题词: 电影歌曲--中国 , 电视歌曲--中国
电子资源:
ISBN: 7-5418-0450-9
000 00578nam0 2200205 45
001 0312221749
005 20050422095943.2
010    @a7-5418-0450-9@dCNY2.98
100    @a20031222d1992 km y0chiy0120 ea
101    @achi
105    @a z 000yy
200 1  @a流行影视歌曲精华@ALiu Xing Ying Shi Ge Qu Jing Hua@f李义华编@FLi Yi Hua Bian
210    @a西安@c陕西旅游出版社@d1992.4
215    @a160页@d20cm
606 0  @a电影歌曲@x中国
606 0  @a电视歌曲@x中国
690    @aJ642.43@v3
701 0  @a李义华@4编
801    @aCN@bTSTCL@c20031222
905    @dJ642.43@e127@f1@b250222
    
    流行影视歌曲精华/李义华编.-西安:陕西旅游出版社,1992.4
    160页;20cm
    
    
    ISBN 7-5418-0450-9:CNY2.98
    
●
相关链接 在E读中查询图书 在五车中查询图书 在当当中查询图书 在豆瓣中查询图书


正题名:流行影视歌曲精华     索取号:J642.43/127         预约/预借

序号 登录号 条形码 馆藏地/架位号 状态 备注
1 0250219   001203904   第一借阅区/ [索取号:J642.43/127] 在馆    
2 0250220   001203851   第一借阅区/ [索取号:J642.43/127] 在馆    
3 0250221   001203897   第一借阅区/ [索取号:J642.43/127] 在馆    
4 0250222   002001791   第一借阅区/ [索取号:J642.43/127] 在馆    
5 0250223   001203860   第一样本阅览室/ [索取号:J642.43/127] 在馆    
唐山师范学院图书馆 欢迎您!
大连网信软件有限公司© 版权所有